| 000 | 00743cam a22002295a 4500 | ||
|---|---|---|---|
| 005 | 20161116111226.0 | ||
| 008 | 161116s2015 ii a fr 001 0 eng d | ||
| 020 | _a9788123925844 | ||
| 040 |
_aEG-ScBUE _beng _cEG-ScBUE _dEG-ScBUE |
||
| 082 | 0 | 4 |
_222 _a614.4 _bDEE |
| 100 | 1 | _aDeepti, Shyam Sunder. | |
| 245 | 1 | 0 |
_aFundamentals of epidemiology and biostatistics / _cShyam Sunder Deepti. |
| 250 | _a1st ed. | ||
| 260 |
_aNew Delhi : _bCBS Publishers & Distributors, _c2015. |
||
| 300 |
_axix, 137 p. : _bill. ; _c24 cm. |
||
| 500 | _aIndex : p. 135-137. | ||
| 650 | 7 |
_2BUEsh _aMedical statistics _xStudy and teaching. |
|
| 650 | 7 |
_aEpidemiology _xStudy and teaching. _2BUEsh |
|
| 651 | _2BUEsh | ||
| 653 |
_bNNUR _cNovember2016 |
||
| 942 | _2ddc | ||
| 999 |
_c23158 _d23130 |
||